<?xml version="1.0" encoding="UTF-8"?>
<record
    xmlns:xsi="http://www.w3.org/2001/XMLSchema-instance"
    xsi:schemaLocation="http://www.loc.gov/MARC21/slim http://www.loc.gov/standards/marcxml/schema/MARC21slim.xsd"
    xmlns="http://www.loc.gov/MARC21/slim">

  <leader>01814nam a2200325 i 4500</leader>
  <controlfield tag="003">DO-SdBNP</controlfield>
  <controlfield tag="005">20250704135414.0</controlfield>
  <controlfield tag="007">ta</controlfield>
  <controlfield tag="008">250704s2008    dr co         000 0 spa d</controlfield>
  <datafield tag="040" ind1=" " ind2=" ">
    <subfield code="a">DO-SdBNP</subfield>
    <subfield code="b">spa</subfield>
    <subfield code="c">BNPHU</subfield>
    <subfield code="e">rda</subfield>
  </datafield>
  <datafield tag="082" ind1=" " ind2=" ">
    <subfield code="a">xxxx</subfield>
    <subfield code="b">M986</subfield>
    <subfield code="2">22</subfield>
  </datafield>
  <datafield tag="110" ind1="1" ind2=" ">
    <subfield code="a">Museo Bellapart</subfield>
    <subfield code="9">78529</subfield>
  </datafield>
  <datafield tag="245" ind1="1" ind2="0">
    <subfield code="a">Colson Errante /</subfield>
    <subfield code="c">textos, Abelardo Mena Chicuri, Mar&#xED;a Ugarte, Marianne de Tolentino, Ricardo Ram&#xF3;n Jarne ; fotograf&#xED;as, Roberto Carrera, Gianfranco Lanzetti</subfield>
  </datafield>
  <datafield tag="264" ind1=" " ind2="1">
    <subfield code="a">Santo Domingo :</subfield>
    <subfield code="b">Meseo Bellapart,</subfield>
    <subfield code="c">2008.</subfield>
  </datafield>
  <datafield tag="300" ind1=" " ind2=" ">
    <subfield code="a">175 p&#xE1;ginas,  </subfield>
    <subfield code="b">retratos, fotograf&#xED;as</subfield>
    <subfield code="c">33 cm.</subfield>
  </datafield>
  <datafield tag="336" ind1=" " ind2=" ">
    <subfield code="2">rdacontent</subfield>
    <subfield code="a">texto</subfield>
    <subfield code="b">txt</subfield>
  </datafield>
  <datafield tag="337" ind1=" " ind2=" ">
    <subfield code="2">rdamedia</subfield>
    <subfield code="a">sin mediaci&#xF3;n </subfield>
    <subfield code="b">n</subfield>
  </datafield>
  <datafield tag="338" ind1=" " ind2=" ">
    <subfield code="2">rdacarrier</subfield>
    <subfield code="a">volumen</subfield>
    <subfield code="b">nc</subfield>
  </datafield>
  <datafield tag="500" ind1=" " ind2=" ">
    <subfield code="a">Museo Bellapart 20 de noviembre de 2008 en la sala de exposiciones temporales.</subfield>
  </datafield>
  <datafield tag="505" ind1=" " ind2=" ">
    <subfield code="t">Un sue&#xF1;o hecho realidad -- </subfield>
    <subfield code="r">Juan Jos&#xE9; Bellapart, / </subfield>
    <subfield code="t">Colson: fuerza e instinto creador. --</subfield>
    <subfield code="r">Paula G&#xF3;mez Jorge, / </subfield>
    <subfield code="t">Jaime Colson en el museo Bellapart. --</subfield>
    <subfield code="r">Ricardo Ram&#xF3;n Jarne / </subfield>
    <subfield code="t">Jaime Colson: desde el caribe a la modernidad --</subfield>
    <subfield code="r">Abelardo G. Mena Chicuri. / </subfield>
    <subfield code="t">Las pasiones de Colson. --</subfield>
    <subfield code="r">Marianne de Tolentino, / </subfield>
    <subfield code="t">Jaime Colson considera que el arte contempor&#xE1;neo est&#xE1; barbarizado -- </subfield>
    <subfield code="r">Mar&#xED;a Ugarte, / </subfield>
    <subfield code="t">Los pasos de Colson 1918-1958 --</subfield>
    <subfield code="t">Cronolog&#xED;a 1901-2008 --</subfield>
    <subfield code="t">Perfil biogr&#xE1;fico de autores --</subfield>
    <subfield code="t">Cat&#xE1;logo de obras --</subfield>
    <subfield code="t">Bibliograf&#xED;a /</subfield>
  </datafield>
  <datafield tag="590" ind1=" " ind2=" ">
    <subfield code="a">Inventariado, 2025/ YL</subfield>
  </datafield>
  <datafield tag="700" ind1="1" ind2=" ">
    <subfield code="a">Mena Chicuri, Abelardo </subfield>
    <subfield code="e">textos</subfield>
    <subfield code="9">84936</subfield>
    <subfield code="4">tex.</subfield>
  </datafield>
  <datafield tag="700" ind1="1" ind2=" ">
    <subfield code="a">Ugarte, Mar&#xED;a </subfield>
    <subfield code="e">textos</subfield>
    <subfield code="4">tex.</subfield>
    <subfield code="9">88267</subfield>
  </datafield>
  <datafield tag="700" ind1="1" ind2=" ">
    <subfield code="a">Tolentino, Marianne de </subfield>
    <subfield code="e">textos</subfield>
    <subfield code="4">tex.</subfield>
    <subfield code="9">15222</subfield>
  </datafield>
  <datafield tag="700" ind1="1" ind2=" ">
    <subfield code="a">Jarne, Ricardo Ram&#xF3;n </subfield>
    <subfield code="e">textos</subfield>
    <subfield code="4">tex.</subfield>
    <subfield code="9">57611</subfield>
  </datafield>
  <datafield tag="700" ind1="1" ind2=" ">
    <subfield code="a">Carrera, Roberto </subfield>
    <subfield code="e">fotograf&#xED;as</subfield>
    <subfield code="4">fot.</subfield>
    <subfield code="9">88268</subfield>
  </datafield>
  <datafield tag="700" ind1="1" ind2=" ">
    <subfield code="a">Lanzetti, Gianfranco </subfield>
    <subfield code="e">fotograf&#xED;as</subfield>
    <subfield code="4">fot.</subfield>
    <subfield code="9">62924</subfield>
  </datafield>
  <datafield tag="910" ind1=" " ind2=" ">
    <subfield code="a">YLockward</subfield>
  </datafield>
  <datafield tag="942" ind1=" " ind2=" ">
    <subfield code="2">ddc</subfield>
    <subfield code="c">LBS1</subfield>
  </datafield>
  <datafield tag="952" ind1=" " ind2=" ">
    <subfield code="0">0</subfield>
    <subfield code="1">0</subfield>
    <subfield code="2">ddc</subfield>
    <subfield code="5">1</subfield>
    <subfield code="7">0</subfield>
    <subfield code="8">PD</subfield>
    <subfield code="a">BNPHU</subfield>
    <subfield code="b">BNPHU</subfield>
    <subfield code="c">CT</subfield>
    <subfield code="d">2023-11-22</subfield>
    <subfield code="e">Donado por M&#xF3;nica Despradel</subfield>
    <subfield code="l">0</subfield>
    <subfield code="o">xxxx M986</subfield>
    <subfield code="p">2025-6201</subfield>
    <subfield code="r">2025-07-04</subfield>
    <subfield code="w">2025-07-04</subfield>
    <subfield code="y">LBS1</subfield>
  </datafield>
  <datafield tag="999" ind1=" " ind2=" ">
    <subfield code="c">59445</subfield>
    <subfield code="d">59445</subfield>
  </datafield>
</record>
